| 000 | 00568cam a2200205 4500500 | ||
|---|---|---|---|
| 005 | 20260329004132.0 | ||
| 041 | _afre | ||
| 042 | _adc | ||
| 100 | 1 | 0 |
_aTenaillon, Nicolas _eauthor |
| 245 | 0 | 0 | _aShi 勢 |
| 260 | _c2018. | ||
| 500 | _a92 | ||
| 690 | _aChinois | ||
| 690 | _aFrançois Jullien | ||
| 690 | _aShi | ||
| 690 | _aSunzi | ||
| 690 | _aWang Fuzhi | ||
| 786 | 0 | _nPhilosophie magazine | 123 | 10 | 2018-10-01 | p. 37-37 | 1951-1787 | |
| 856 | 4 | 1 | _uhttps://shs.cairn.info/magazine-philosophie-magazine-2018-10-page-37?lang=fr&redirect-ssocas=7080 |
| 999 |
_c1831069 _d1831069 |
||